000 00814cam a2200277 4500
008 090401t1997 xxu||||| |||| 00| 0 eng d
020 _a186081123X
035 _a(Sirsi) u62795
041 _aeng
050 _a696.6
100 _aShouler, M.C.
245 _aUnvented hot water storage systems : microbial growth in expansion vessels.
260 _aGarston, Watford
_bBuilding Research Establishment
_c1997
300 _a4p. : ill. ; 30cm.
350 _a0
490 _aBRE Information Paper
_vIP 1/97
650 _aHOT WATER SUPPLY
650 _aLEGIONNAIRES' DISEASE
650 _aMICROBIAL GROWTH
650 _aUNVENTED HOT WATER STORAGE SYSTEMS
690 _aBlock management
_96220
700 _aHall, J.
710 _aBuilding Research Establishment
942 _n0
948 _c04/03/1997
999 _c94482
_d94482